100 Top Fantasy Football Performers 2016 (Big Quiz) - Statistics

General Stats
  • This quiz has been taken 2,010 times
  • The average score is 55 of 100
Answer Stats
No. Points Team Player % Correct
1. 380.02 Packers QB Aaron Rodgers
99%
2. 347.46 Falcons QB Matt Ryan
98%
3. 332.32 Saints QB Drew Brees
97%
17. 258.56 Patriots QB Tom Brady
92%
5. 307.70 Colts QB Andrew Luck
91%
8. 286.88 Cowboys QB Dak Prescott
91%
7. 293.40 Cowboys RB Ezekiel Elliott
91%
9. 279.78 Lions QB Matthew Stafford
90%
13. 268.06 Seahawks QB Russell Wilson
89%
4. 327.80 Cardinals RB David Johnson
88%
28. 224.18 Giants QB Eli Manning
88%
29. 223.78 Chiefs QB Alex Smith
87%
19. 254.26 Panthers QB Cam Newton
87%
12. 268.48 Raiders QB Derek Carr
87%
16. 258.94 Chargers QB Philip Rivers
87%
20. 252.16 Steelers QB Ben Roethlisberger
85%
6. 300.28 Redskins QB Kirk Cousins
85%
14. 260.64 Bengals QB Andy Dalton
84%
23. 242.48 Ravens QB Joe Flacco
84%
35. 201.30 Steelers WR Antonio Brown
82%
18. 256.10 Buccaneers QB Jameis Winston
82%
24. 242.40 Steelers RB Le'Veon Bell
82%
44. 176.90 Falcons WR Julio Jones
80%
11. 270.10 Jaguars QB Blake Bortles
79%
98. 117.30 Lions WR Marvin Jones
79%
33. 208.10 Buccaneers WR Mike Evans
78%
22. 243.12 Cardinals QB Carson Palmer
77%
31. 212.98 Eagles QB Carson Wentz
77%
52. 163.70 Saints WR Michael Thomas
77%
47. 171.70 Packers WR Davante Adams
76%
72. 136.30 Broncos WR Demaryius Thomas
76%
15. 259.94 Titans QB Marcus Mariota
75%
39. 195.60 Giants WR Odell Beckham
75%
21. 248.30 Bills RB LeSean McCoy
72%
41. 190.20 Dolphins QB Ryan Tannehill
72%
10. 270.92 Bills QB Tyrod Taylor
71%
26. 230.10 Falcons RB Devonta Freeman
69%
34. 207.70 Packers WR Jordy Nelson
69%
43. 182.80 Colts WR T.Y. Hilton
66%
25. 240.80 Titans RB DeMarco Murray
65%
67. 138.00 Chiefs TE Travis Kelce
65%
46. 175.20 Raiders RB Latavius Murray
64%
38. 196.20 Saints RB Mark Ingram
63%
32. 209.60 Chargers RB Melvin Gordon
63%
58. 155.20 Rams RB Todd Gurley
62%
45. 176.20 Colts RB Frank Gore
60%
57. 155.30 Bengals RB Jeremy Hill
60%
66. 138.00 Chiefs WR Tyreek Hill
60%
37. 200.44 49ers QB Colin Kaepernick
59%
27. 225.90 Patriots RB LaGarrette Blount
58%
94. 120.40 Bengals WR A.J. Green
54%
82. 127.30 Panthers TE Greg Olsen
52%
70. 136.80 Cardinals WR Larry Fitzgerald
51%
56. 159.60 Seahawks WR Doug Baldwin
50%
61. 149.30 Raiders WR Amari Cooper
49%
76. 132.30 Patriots WR Julian Edelman
49%
59. 153.60 Jets RB Matt Forte
47%
80. 130.00 Cowboys WR Dez Bryant
46%
89. 124.30 Seahawks TE Jimmy Graham
46%
75. 133.40 Jets QB Ryan Fitzpatrick
46%
62. 147.90 Chargers WR Tyrell Williams
46%
88. 124.50 Redskins WR DeSean Jackson
44%
42. 188.30 Dolphins RB Jay Ajayi
44%
30. 220.88 Vikings QB Sam Bradford
44%
48. 168.30 Saints WR Brandin Cooks
43%
49. 167.98 Texans QB Brock Osweiler
43%
96. 119.40 Texans WR DeAndre Hopkins
43%
68. 137.30 Dolphins WR Jarvis Landry
43%
36. 201.10 Bears RB Jordan Howard
42%
74. 133.60 Broncos WR Emmanuel Sanders
41%
86. 126.00 Vikings TE Kyle Rudolph
41%
90. 123.10 Titans TE Delanie Walker
38%
65. 138.40 Panthers RB Jonathan Stewart
36%
54. 160.10 Falcons RB Tevin Coleman
36%
77. 132.10 Lions WR Golden Tate
35%
84. 126.30 Jaguars WR Allen Robinson
34%
55. 160.10 Texans RB Lamar Miller
34%
60. 150.30 Raiders WR Michael Crabtree
34%
40. 191.74 Broncos QB Trevor Siemian
33%
85. 126.20 Vikings WR Adam Thielen
32%
50. 167.98 Browns RB Isaiah Crowell
28%
51. 165.10 49ers RB Carlos Hyde
27%
73. 134.10 Panthers WR Kelvin Benjamin
25%
91. 122.10 Redskins WR Pierre Garcon
23%
97. 119.40 Giants WR Sterling Shepard
23%
63. 146.50 Titans WR Rishard Matthews
20%
78. 131.60 Eagles RB Ryan Mathews
20%
64. 139.00 Jets RB Bilal Powell
18%
83. 126.60 Dolphins WR Kenny Stills
18%
53. 160.80 Chiefs RB Spencer Ware
18%
87. 124.50 Redskins WR Jamison Crowder
15%
71. 136.44 Browns WR Terrelle Pryor
14%
69. 137.00 Ravens RB Terrance West
13%
95. 119.50 Saints WR Willie Snead
12%
79. 130.80 Ravens WR Mike Wallace
11%
81. 128.20 Rams WR Kenny Britt
9%
92. 122.00 Bengals WR Brandon LaFell
6%
93. 120.60 Redskins RB Rob Kelley
6%
100. 115.00 Packers RB Christine Michael
5%
99. 116.70 Bills RB Mike Gillislee
4%
No matching quizzes found
Score Distribution
Percent of People with Each Score
Percentile by Number Answered
Your Score History
You have not taken this quiz